000 00251nam a2200097Ia 4500
001 815886
005 20250826171705.0
008 250824s9999 xx 000 0 und d
245 0 _aDÜNYANIN ON DÖRT GÜNÜ
_cASLI ETİ
260 _bKIRMIZI KEDİ YAYINLARI
999 _c815886
_d815886